000 00394 a2200169 4500
001 47680
020 _a9788516071806
040 _cAnchieta - Aquarius
100 _aBranco, Samuel Murgel
240 1 0 _aFlorinha e a fotossíntese
_lpor
245 1 0 _aFlorinha e a fotossíntese
300 _a30
362 0 _a2011
440 1 _aModerna
650 4 _aLiteratura infanto-juvenil
942 _cBK
999 _c47680
_d47680